026_ Personnalités nées un 26 janvier par images - Statistiques

Statistiques générales
  • Ce quiz a été pris 44 fois
  • Le résultat moyen est 4 sur 9
Statistiques - réponses
Par images Hint Réponse % Correct
Homme d'affaires Bernard Tapie
90%
Chanteur Michel Sardou
90%
Acteur Jean-Paul Rouve
88%
Chanteur Michel Delpech
33%
Cycliste Peter Sagan
28%
Militante Angela Davis
23%
Dirigeant Politique Nicolae Ceaușescu
15%
Actrice Maria Pedraza
3%
Chanteur DJ Arafat
0%
Aucun quiz correspondant
Distribution des résultats
% des personnes avec chaque résultat
Percentile par nombre de réponses
Votre historique - résultats
Vous n’avez pas pris ce quiz